000 01035njm a22002777a 4500
005 20100921123751.0
007 sd ammalaaahaa
008 100913t xxu||||| |||| 00| 0 hin d
028 _aPMLP 1196
_bHis Master's Voice
035 _aGR-04477
040 _aSED
_cSED
100 _aKishore Kumar
_91184
245 _aA tribute to a legend - Kishore Kumar (1969-1971) /
_cby Kishore Kumar
_h[sound recording] :
260 _aDum Dum India
_bHis Master's Voice
_c1988
300 _a1 sound disc [Gramophone record] :
_banalog, 33 1/3 rpm
_c12.5 in. (LP)
_fGramophone Record
440 _920895
500 _aBrief Record
500 _aRecord label :His Master's Voice, Red
505 _aSide-1 (Zindagi ka safar-safar) (Kishore Kumar) Side-2 (Teri duniya se) (Kishore Kumar)
600 _aKishore Kumar
_919992
650 _aHindi Film Songs
_xExcerpts
_zIndia
_919603
650 _aMelodies
_920910
700 _920882
942 _2ddc
_cGR
999 _c47240
_d47240